000 00666nam a2200205Ii 4500
003 JO-AjNU
008 230605s9999||||xx |||||||||||||| ||und||
040 _aJO-AjNU
_bara
_erda
_cJO-AjNU
041 _aara
050 1 4 _aHD37.A7.M346 2018
100 3 _aمحمود، علاء الدين عبد الغني,
_eauthor
_958031
245 0 0 _aإدارة المنظمات
250 _aط1
264 3 1 _aعمان: دار صفاء للطباعة والنشر والتوزيع، 2018
300 _a525ص
336 _atext
_btxt
_2rdacontent
337 _aunmediated
_bn
_2rdamedia
338 _avolume
_bnc
_2rdacarrier
650 4 _aالمنظمات - إدارة
_958032
999 _aA26039
_c29607
_d29607